Т. 26 : Нейротоксины в физиологических исследованиях; Физиология человека и животных

Bibliografiske detaljer
Parent link:Физиология человека и животных/ Академия наук СССР (АН СССР), Всесоюзный институт научной и технической информации (ВИНИТИ). Т. 26 : Нейротоксины в физиологических исследованиях.— , 1962-.— 0202-0769
Hovedforfatter: Каменская М. А.
Sprog:russisk
Udgivet: 1982
Fag:
Format: MixedMaterials Bog
KOHA link:https://koha.lib.tpu.ru/cgi-bin/koha/opac-detail.pl?biblionumber=306936

MARC

LEADER 00000nam2a2200000 4500
001 306936
005 20231102001937.0
035 |a (RuTPU)RU\TPU\book\332213 
035 |a RU\TPU\book\325757 
090 |a 306936 
100 |a 20151013d1982 k y0rusy50 ca 
101 0 |a rus 
102 |a RU 
105 |a a z 001zy 
200 0 |a Т. 26 : Нейротоксины в физиологических исследованиях  |f М. А. Каменская 
210 |d 1982 
215 |a 107 с.  |c ил. 
320 |a Библиогр.: с. 72-104 
461 1 |0 (RuTPU)RU\TPU\book\134751  |x 0202-0769  |t Физиология человека и животных  |f Академия наук СССР (АН СССР), Всесоюзный институт научной и технической информации (ВИНИТИ)  |v Т. 26 : Нейротоксины в физиологических исследованиях  |d 1962-  |s Физиология человека и животных 
606 1 |a Физиология  |2 stltpush  |3 (RuTPU)RU\TPU\subj\63782  |9 80720 
610 1 |a человек 
610 1 |a животные 
610 1 |a нейротоксины 
610 1 |a физиологические исследования 
610 1 |a блокаторы 
610 1 |a токсины 
610 1 |a центральная нервная система 
675 |a 612  |v 4 
675 |a 59  |v 4 
700 1 |a Каменская  |b М. А. 
801 1 |a RU  |b 63413507  |c 20060417  |g PSBO 
801 2 |a RU  |b 63413507  |c 20171010  |g PSBO 
942 |c BK